000 00608nam a2200193Ia 4500
003 GCL
008 140319s9999 xx 000 0 ara d
040 _aGCL /
_cGCL
082 0 4 _a355.0217
_bم ت
245 1 0 _aتوازن القوى فى جنوب اسيا
250 _aالاولى
260 _aالامارات :
_bمركز الامارات للدراسات والبحوث الاستراتيجية ،
_c2001
300 _a173 ص ؛
_c24 سم
650 0 4 _aباكستان
650 0 4 _aالهند
650 0 4 _aالحرب النووية
650 0 4 _aالاسلحة النووية
942 _2ddc
_cBK
999 _c5124
_d5124